UM Logo

Signature dishes of the Philippines: (Record no. 2107)

MARC details
000 -LEADER
fixed length control field 00603nam a2200181 4500
008 - FIXED-LENGTH DATA ELEMENTS--GENERAL INFORMATION
fixed length control field 160429b xxu||||| |||| 00| 0 eng d
020 ## - INTERNATIONAL STANDARD BOOK NUMBER
International Standard Book Number 9710869116
082 ## - DEWEY DECIMAL CLASSIFICATION NUMBER
Edition number 2009
Classification number DFil 641.5
Item number R57
100 ## - MAIN ENTRY--PERSONAL NAME
9 (RLIN) 7274
Personal name Robles-Florendo, Sony
245 ## - TITLE STATEMENT
Title Signature dishes of the Philippines:
Remainder of title because we do them best/
Statement of responsibility, etc. Sony Robles-Florendo.
260 ## - PUBLICATION, DISTRIBUTION, ETC. (IMPRINT)
Place of publication, distribution, etc. Mandaluyong City:
Name of publisher, distributor, etc. National Book Store,
Date of publication, distribution, etc. c2009.
300 ## - PHYSICAL DESCRIPTION
Extent xix, 202 pages:
Other physical details illustrations;
Dimensions 15 cm.
500 ## - GENERAL NOTE
General note Includes index.
650 #0 - SUBJECT ADDED ENTRY--TOPICAL TERM
9 (RLIN) 6817
Topical term or geographic name as entry element Filipino cooking
650 #0 - SUBJECT ADDED ENTRY--TOPICAL TERM
9 (RLIN) 6818
Topical term or geographic name as entry element Cooking
365 ## - TRADE PRICE
Price amount 1, 272.00
Currency code Php
942 ## - ADDED ENTRY ELEMENTS (KOHA)
Source of classification or shelving scheme Dewey Decimal Classification
Koha item type Filipiniana
Holdings
Withdrawn status Lost status Source of classification or shelving scheme Damaged status Not for loan Collection code Home library Current library Date acquired Source of acquisition Total Checkouts Full call number Barcode Date last seen Price effective from Koha item type
    Dewey Decimal Classification     Filipiniana UM Digos College - LIC UM Digos College - LIC 09/24/2010 Purchased   DFil 641.59599 F66 2009 21378 05/15/2025 04/29/2016 Filipiniana